[Event "17. Torneo San Viator 2011"]
[Site "Madrid ESP"]
[Date "2011.10.02"]
[Round "3.25"]
[White "Salgado Duarte, Pablo"]
[Black "Garcia-Ines Sanchez, Gustavo"]
[Result "1-0"]
[WhiteElo "1484"]
[BlackElo "1633"]
[PlyCount "71"]
[EventDate "2011.09.25"]
[EventType "swiss"]
[EventRounds "9"]
[EventCountry "ESP"]
[Source "lmi"]
[SourceDate "2011.09.25"]

1. d4 Nf6 2. c4 g6 3. Nc3 Bg7 4. Nf3 d6 5. e4 Nbd7 6. Be3 O-O 7. h3 e5 8. d5 a6
9. Bd3 Nh5 10. Qd2 Nc5 11. Bxc5 dxc5 12. O-O Nf4 13. Bc2 Bh6 14. Qd1 f6 15. Ne2
Bg7 16. Nxf4 exf4 17. Qd2 Qd6 18. Rab1 g5 19. Qd3 Qe7 20. e5 f5 21. Rfe1 g4 22.
hxg4 Bh6 23. Nh2 fxg4 24. e6 g3 25. fxg3 fxg3 26. Qxg3+ Kh8 27. Rf1 b5 28. Qe5+
Bg7 29. Qh5 h6 30. Qg6 Bd4+ 31. Kh1 Rf6 32. Rxf6 Bxf6 33. Qxh6+ Kg8 34. Rf1 Bg5
35. Qg6+ Qg7 36. Qe8+ 1-0

[Event "17. Torneo San Viator 2011"]
[Site "Madrid ESP"]
[Date "2011.10.02"]
[Round "3.26"]
[White "Jimenez Perez, Federico"]
[Black "Brasa Olmos, Joaquin"]
[Result "0-1"]
[WhiteElo "1330"]
[BlackElo "1583"]
[PlyCount "50"]
[EventDate "2011.09.25"]
[EventType "swiss"]
[EventRounds "9"]
[EventCountry "ESP"]
[Source "lmi"]
[SourceDate "2011.09.25"]

1. e4 c6 2. d4 d5 3. exd5 cxd5 4. Nf3 Bf5 5. Nc3 Nf6 6. Bf4 a6 7. Be2 Nc6 8.
O-O e6 9. a3 Bd6 10. Bxd6 Qxd6 11. b4 b5 12. Re1 Rc8 13. Qd2 Ng4 14. a4 Bxc2
15. Qxc2 Nxd4 16. Bxb5+ axb5 17. Nxd4 Qxh2+ 18. Kf1 Qh1+ 19. Ke2 Qh4 20. Rf1
O-O 21. Qd3 e5 22. Nf5 Qg5 23. Rh1 e4 24. Nxe4 dxe4 25. Qh3 Rc2+ 0-1

[Event "17. Torneo San Viator 2011"]
[Site "Madrid ESP"]
[Date "2011.10.09"]
[Round "4.1"]
[White "Cabanas Bravo, Juan Andres"]
[Black "Cano Cabanillas, Javier"]
[Result "0-1"]
[WhiteElo "2065"]
[BlackElo "1948"]
[PlyCount "98"]
[EventDate "2011.09.25"]
[EventType "swiss"]
[EventRounds "9"]
[EventCountry "ESP"]
[Source "lmi"]
[SourceDate "2011.09.25"]

1. e4 c5 2. Nf3 d6 3. d4 cxd4 4. Nxd4 Nf6 5. Nc3 a6 6. Bg5 Nbd7 7. Bc4 Qb6 8.
Bb3 e6 9. Qd2 Qc7 10. O-O-O b5 11. Rhe1 Bb7 12. f3 Nc5 13. Kb1 Be7 14. a3 Nxb3
15. cxb3 O-O 16. b4 Rfd8 17. Rc1 Qd7 18. Red1 Qe8 19. Nb3 Rac8 20. Qd4 Nxe4 21.
Nxe4 Bxe4+ 22. Qxe4 Bxg5 23. Rxc8 Rxc8 24. Rxd6 Rc4 25. Qb7 f6 26. Rxa6 Qg6+
27. Ka2 h6 28. Qxb5 Qc2 29. Qe8+ Kh7 30. Qxe6 Bf4 31. g4 Be5 32. Qf5+ Qxf5 33.
gxf5 Rc2 34. a4 Bxb2 35. b5 Rxh2 36. Na5 Be5+ 37. Kb3 Rf2 38. Nc6 Rxf3+ 39. Kc4
Bg3 40. Ne7 h5 41. Kd5 h4 42. Ke6 h3 43. Ra8 Re3+ 44. Kf7 Rxe7+ 45. Kxe7 h2 46.
b6 h1=Q 47. Ra7 Qe4+ 48. Kf7 Qxf5 49. a5 Bb8 0-1

[Event "17. Torneo San Viator 2011"]
[Site "Madrid ESP"]
[Date "2011.10.09"]
[Round "4.2"]
[White "Barahona Torrijos, Angel"]
[Black "Rosa Ramirez, Victor D"]
[Result "0-1"]
[WhiteElo "1902"]
[BlackElo "1952"]
[PlyCount "118"]
[EventDate "2011.09.25"]
[EventType "swiss"]
[EventRounds "9"]
[EventCountry "ESP"]
[Source "lmi"]
[SourceDate "2011.09.25"]

1. e4 e6 2. d4 d5 3. Nc3 Bb4 4. e5 c5 5. Bd2 cxd4 6. Nb5 Bf8 7. f4 Nc6 8. Nf3
Qb6 9. a4 a5 10. Bd3 Bc5 11. Ng5 Nb4 12. Bxh7 d3 13. Bxd3 Nxd3+ 14. cxd3 Bd7
15. Qb3 Bxb5 16. Qxb5+ Qxb5 17. axb5 a4 18. Nf3 Ne7 19. d4 Bb6 20. g4 Kd7 21.
Ke2 Nc8 22. Kd3 Rh3 23. Ke2 Bc7 24. Ng5 Rb3 25. Nxf7 Rxb2 26. Rhb1 Rxb1 27.
Rxb1 Nb6 28. h4 Nc4 29. Bb4 a3 30. Nd6 Ra4 31. Nxc4 dxc4 32. Bc3 Bd8 33. h5 a2
34. Ra1 Bh4 35. Kd2 Bg3 36. f5 Bf4+ 37. Kc2 Ra3 38. Rf1 Bg5 39. d5 exd5 40. e6+
Ke8 41. Bxg7 Rd3 42. Bc3 d4 43. Bb4 Rf3 44. Ra1 Rf2+ 45. Kd1 Rf1+ 46. Be1 Bh4
47. Rxa2 Rxe1+ 48. Kd2 Rf1 49. Ra8+ Ke7 50. Rc8 Rf2+ 51. Kd1 c3 52. h6 Bf6 53.
Ke1 Rh2 54. Rc7+ Kd6 55. Rd7+ Kc5 56. e7 Bxe7 57. Rxe7 d3 58. Rc7+ Kd4 59. Rd7+
Ke3 0-1

[Event "17. Torneo San Viator 2011"]
[Site "Madrid ESP"]
[Date "2011.10.09"]
[Round "4.3"]
[White "Perez Calahorra, Ricardo"]
[Black "Andalon Gomez, Carlos J"]
[Result "1/2-1/2"]
[WhiteElo "2175"]
[BlackElo "2052"]
[PlyCount "46"]
[EventDate "2011.09.25"]
[EventType "swiss"]
[EventRounds "9"]
[EventCountry "ESP"]
[Source "lmi"]
[SourceDate "2011.09.25"]

1. e4 c6 2. d4 d5 3. Nd2 dxe4 4. Nxe4 Nf6 5. Nxf6+ gxf6 6. Bf4 Bf5 7. Bd3 Nd7
8. Nf3 e6 9. O-O Bxd3 10. Qxd3 Nb6 11. Rad1 Nd5 12. Bg3 Bd6 13. c4 Ne7 14. Rfe1
Bxg3 15. fxg3 Qc7 16. d5 O-O-O 17. Qa3 cxd5 18. Qxa7 dxc4 19. Nd4 Rd5 20. Qa8+
Qb8 21. Qa3 Qc7 22. Qa8+ Qb8 23. Qa3 Qc7 1/2-1/2

[Event "17. Torneo San Viator 2011"]
[Site "Madrid ESP"]
[Date "2011.10.09"]
[Round "4.4"]
[White "Ruiz Sanchez, Roberto"]
[Black "Moreno Zamora, Gregorio"]
[Result "1-0"]
[WhiteElo "1965"]
[BlackElo "1773"]
[PlyCount "105"]
[EventDate "2011.09.25"]
[EventType "swiss"]
[EventRounds "9"]
[EventCountry "ESP"]
[Source "lmi"]
[SourceDate "2011.09.25"]

1. e4 e5 2. Nf3 Nc6 3. Bb5 f5 4. Nc3 Nf6 5. Qe2 Bd6 6. exf5 Qe7 7. d3 a6 8. Bc4
Nd4 9. Nxd4 exd4 10. Ne4 Nxe4 11. Qxe4 Qxe4+ 12. dxe4 b5 13. Bd5 c6 14. Bb3 Bb7
15. O-O c5 16. c4 O-O-O 17. Bg5 Rde8 18. f3 Rhf8 19. Rfc1 b4 20. a3 a5 21. axb4
axb4 22. Ba4 Kc7 23. Bb5 Be7 24. Bxe7 Rxe7 25. Ra5 Ree8 26. Rca1 Ra8 27. Rxa8
Rxa8 28. Rxa8 Bxa8 29. e5 Kd8 30. Kf2 Ke7 31. g4 Bb7 32. Ba4 Ba6 33. Bb3 Kf7
34. g5 g6 35. f6 Ke6 36. f4 Kf7 37. h4 Ke6 38. Kf3 Kf7 39. Kg4 Bc8 40. Kg3 Ba6
41. h5 Ke6 42. hxg6 hxg6 43. Kg4 Kf7 44. f5 d3 45. fxg6+ Kxg6 46. Kf4 d2 47.
Bc2+ Kf7 48. g6+ Kg8 49. Ke3 Bxc4 50. Kxd2 Be6 51. Be4 Bc4 52. Bf5 Bb5 53. e6
1-0

[Event "17. Torneo San Viator 2011"]
[Site "Madrid ESP"]
[Date "2011.10.09"]
[Round "4.5"]
[White "Rodriguez Varela, Alvaro"]
[Black "Jimenez Elices, Jose Maria"]
[Result "0-1"]
[WhiteElo "1753"]
[BlackElo "1930"]
[PlyCount "96"]
[EventDate "2011.09.25"]
[EventType "swiss"]
[EventRounds "9"]
[EventCountry "ESP"]
[Source "lmi"]
[SourceDate "2011.09.25"]

1. e4 e6 2. d4 d5 3. Nc3 dxe4 4. Nxe4 Nd7 5. Nf3 Ngf6 6. Bg5 Be7 7. Bxf6 Nxf6
8. Bd3 c5 9. O-O cxd4 10. Nxd4 O-O 11. c3 a6 12. Rc1 Qc7 13. Nxf6+ Bxf6 14. Nf3
b6 15. Qe2 Bb7 16. Be4 Bxe4 17. Qxe4 Rad8 18. Rfd1 Rd6 19. Qe2 Rxd1+ 20. Rxd1
b5 21. Rd2 Rd8 22. Qd1 h6 23. Rxd8+ Qxd8 24. Qxd8+ Bxd8 25. Kf1 Kf8 26. Nd4 Ke8
27. Nc6 Bc7 28. Nb4 a5 29. Nc6 Kd7 30. Nd4 b4 31. cxb4 axb4 32. h3 Bb6 33. Nc2
Bc5 34. Ke2 Kc6 35. f3 e5 36. Kd3 Kd5 37. g4 g6 38. a3 f5 39. Ne3+ Bxe3 40.
Kxe3 fxg4 41. fxg4 e4 42. h4 g5 43. hxg5 hxg5 44. Ke2 Kd4 45. Kd2 e3+ 46. Ke2
Ke4 47. Ke1 Kf3 48. Kf1 Kxg4 0-1

[Event "17. Torneo San Viator 2011"]
[Site "Madrid ESP"]
[Date "2011.10.09"]
[Round "4.7"]
[White "Pardo Vaquero, Ignacio"]
[Black "Alonso Herrero, Ignacio"]
[Result "1-0"]
[WhiteElo "1752"]
[BlackElo "1812"]
[PlyCount "123"]
[EventDate "2011.09.25"]
[EventType "swiss"]
[EventRounds "9"]
[EventCountry "ESP"]
[Source "lmi"]
[SourceDate "2011.09.25"]

1. d4 e6 2. Bf4 d5 3. Nf3 c5 4. e3 Nc6 5. Nbd2 Qb6 6. Rb1 cxd4 7. exd4 Nf6 8.
c3 Bd7 9. Bd3 Ne7 10. Qe2 Ng6 11. Bg3 Bd6 12. Bxd6 Qxd6 13. Ne5 Nf4 14. Qf3
Nxd3+ 15. Qxd3 O-O 16. O-O a6 17. Nxd7 Nxd7 18. f4 Rac8 19. f5 e5 20. Qg3 Rfe8
21. Nf3 Qf6 22. Nxe5 Nxe5 23. dxe5 Rxe5 24. Qf2 Rce8 25. Rbe1 Re4 26. Qd2 h6
27. Rxe4 dxe4 28. Qd7 Qb6+ 29. Kh1 Kf8 30. f6 g6 31. Qd2 e3 32. Qc1 Re6 33. b3
Rxf6 34. Rxf6 Qxf6 35. Qe1 Qf2 36. Qg1 Qxa2 37. Qxe3 Qa1+ 38. Qg1 Qxc3 39. Qd1
a5 40. h3 Ke7 41. Qd5 Qc7 42. Qe4+ Kd6 43. Qd4+ Kc6 44. Qc4+ Kb6 45. Qd4+ Kb5
46. Qa4+ Ka6 47. Qd4 g5 48. Qf6+ Qc6 49. Qxf7 Qc1+ 50. Kh2 Qf4+ 51. Qxf4 gxf4
52. g4 Kb5 53. h4 Kb4 54. g5 hxg5 55. hxg5 Kxb3 56. g6 a4 57. g7 a3 58. g8=Q+
Kb2 59. Qg2+ Ka1 60. Qxb7 a2 61. Qb3 f3 62. Qc2 1-0

[Event "17. Torneo San Viator 2011"]
[Site "Madrid ESP"]
[Date "2011.10.09"]
[Round "4.8"]
[White "Castro Uceda, Jose A"]
[Black "Garcia-Ruiz Fuentes, Marcos"]
[Result "0-1"]
[WhiteElo "1636"]
[BlackElo "1801"]
[PlyCount "72"]
[EventDate "2011.09.25"]
[EventType "swiss"]
[EventRounds "9"]
[EventCountry "ESP"]
[Source "lmi"]
[SourceDate "2011.09.25"]

1. d4 Nf6 2. c4 c5 3. d5 b5 4. cxb5 a6 5. e3 axb5 6. b3 Qb6 7. Qf3 d6 8. e4
Nbd7 9. Bb2 g6 10. Bd3 Bg7 11. Qe2 Ba6 12. Na3 Rb8 13. Rb1 O-O 14. Nf3 Qa5+ 15.
Qd2 b4 16. Bxa6 Qxa6 17. Nc4 Nxe4 18. Qc2 Nc3 19. Ra1 Nb6 20. Nxb6 Rxb6 21. Qd2
Re8 22. a3 e6 23. Qe3 Qb5 24. Kd2 Nxd5 25. a4 Qa6 26. Qd3 Qxd3+ 27. Kxd3 Bxb2
28. Ra2 Bg7 29. g3 Nc3 30. Rd2 d5 31. Re1 Rc8 32. Ne5 Bxe5 33. Rxe5 c4+ 34.
bxc4 dxc4+ 35. Kc2 Nxa4 36. Rd7 b3+ 0-1

[Event "17. Torneo San Viator 2011"]
[Site "Madrid ESP"]
[Date "2011.10.09"]
[Round "4.10"]
[White "Cortijo Manso, Luis"]
[Black "Garcia Velayos, Carlos E"]
[Result "1/2-1/2"]
[WhiteElo "1538"]
[BlackElo "1775"]
[PlyCount "68"]
[EventDate "2011.09.25"]
[EventType "swiss"]
[EventRounds "9"]
[EventCountry "ESP"]
[Source "lmi"]
[SourceDate "2011.09.25"]

1. e4 g6 2. d4 Bg7 3. f4 d6 4. Nf3 Nf6 5. Nc3 O-O 6. Bd3 c6 7. e5 dxe5 8. fxe5
Nd5 9. Nxd5 Qxd5 10. O-O Bg4 11. c3 Bxf3 12. Qxf3 Qxf3 13. Rxf3 Nd7 14. b4 e6
15. Bc4 a5 16. Bg5 h6 17. Be7 Rfe8 18. Bd6 Bf8 19. Bxf8 Rxf8 20. bxa5 Rxa5 21.
Raf1 c5 22. Rb1 Ra7 23. Rf2 Rc8 24. Rbf1 Rf8 25. Bb5 b6 26. h4 h5 27. Rb2 cxd4
28. cxd4 Rd8 29. a4 Nf8 30. Rd2 Rc7 31. Rfd1 Rdc8 32. Ba6 Ra8 33. Bb5 Rac8 34.
Ba6 Ra8 1/2-1/2

[Event "17. Torneo San Viator 2011"]
[Site "Madrid ESP"]
[Date "2011.10.09"]
[Round "4.11"]
[White "Del Castillo Lopez, Rafael"]
[Black "Soto Martin, Miguel"]
[Result "1-0"]
[WhiteElo "1757"]
[BlackElo "1411"]
[PlyCount "137"]
[EventDate "2011.09.25"]
[EventType "swiss"]
[EventRounds "9"]
[EventCountry "ESP"]
[Source "lmi"]
[SourceDate "2011.09.25"]

1. Nf3 Nf6 2. c4 e6 3. d4 d5 4. cxd5 exd5 5. e3 c5 6. Bd3 Nc6 7. Nc3 Be7 8. Bd2
Bg4 9. dxc5 Bxc5 10. Na4 Be7 11. h3 Bh5 12. O-O O-O 13. Be2 Qc7 14. Nd4 Bxe2
15. Nxe2 Rfd8 16. Nd4 Rab8 17. Nc3 Bc5 18. Nce2 Qb6 19. Bc3 Ne4 20. Qc2 Re8 21.
a3 Rbc8 22. Qd3 Ne5 23. Qd1 Nc4 24. b4 Be7 25. Nf5 Nxc3 26. Nxe7+ Rxe7 27. Nxc3
Nxe3 28. Nxd5 Nxd5 29. Qxd5 Rd8 30. Qc5 Qxc5 31. bxc5 h6 32. Rab1 Rc8 33. Rb5
Rec7 34. Rfb1 Rb8 35. a4 a6 36. Rb6 Rxc5 37. Rxb7 Rxb7 38. Rxb7 Rc1+ 39. Kh2
Ra1 40. Rb4 Kf8 41. Re4 f5 42. Re5 Rxa4 43. Rxf5+ Ke7 44. Rd5 Ra2 45. Kg3 Ke6
46. Rd8 a5 47. Rg8 Kf7 48. Ra8 a4 49. f4 a3 50. Kf3 Ra1 51. g4 a2 52. Kg2 Kg6
53. Ra6+ Kf7 54. h4 Kg8 55. g5 hxg5 56. hxg5 Kf7 57. f5 Kg8 58. g6 Kf8 59. Ra7
Ke8 60. f6 Rg1+ 61. Kxg1 a1=Q+ 62. Rxa1 gxf6 63. Ra7 Kf8 64. Kf2 f5 65. Kf3 f4
66. Kxf4 Kg8 67. Kf5 Kh8 68. Kf6 Kg8 69. Ra8# 1-0

[Event "17. Torneo San Viator 2011"]
[Site "Madrid ESP"]
[Date "2011.10.09"]
[Round "4.14"]
[White "Rodriguez Alonso, Marcos"]
[Black "Tolosana Esteban, Enrique"]
[Result "0-1"]
[WhiteElo "1540"]
[BlackElo "1806"]
[PlyCount "21"]
[EventDate "2011.09.25"]
[EventType "swiss"]
[EventRounds "9"]
[EventCountry "ESP"]
[Source "lmi"]
[SourceDate "2011.09.25"]

1. e4 Nc6 2. d4 d5 3. exd5 Qxd5 4. c3 Bf5 5. Qf3 Be4 6. Qg3 O-O-O 7. Nd2 Nf6 8.
Bc4 Qh5 9. f3 Bd5 10. Qh3+ Qxh3 11. Nxh3 0-1

[Event "17. Torneo San Viator 2011"]
[Site "Madrid ESP"]
[Date "2011.10.09"]
[Round "4.15"]
[White "Brasa Olmos, Joaquin"]
[Black "Pindado Campos, Raul"]
[Result "0-1"]
[WhiteElo "1583"]
[BlackElo "1830"]
[PlyCount "70"]
[EventDate "2011.09.25"]
[EventType "swiss"]
[EventRounds "9"]
[EventCountry "ESP"]
[Source "lmi"]
[SourceDate "2011.09.25"]

1. d4 d5 2. c4 e6 3. Nc3 Nf6 4. Nf3 Be7 5. e3 O-O 6. Qc2 b6 7. b3 Bb7 8. Bb2
Nbd7 9. Bd3 dxc4 10. bxc4 c5 11. e4 cxd4 12. Nxd4 Ne5 13. Nce2 Nxd3+ 14. Qxd3
e5 15. Ng3 exd4 16. Bxd4 Bc5 17. Rd1 Bxd4 18. Qxd4 Qxd4 19. Rxd4 Rad8 20. Rxd8
Rxd8 21. Ke2 Nxe4 22. Nxe4 Bxe4 23. Rd1 Rxd1 24. Kxd1 Bxg2 25. Kd2 Kf8 26. Kc3
Ke7 27. Kb4 Kd6 28. a4 Kc6 29. f4 a5+ 30. Kc3 Kc5 31. h4 Bf1 32. f5 Bxc4 33. h5
g6 34. fxg6 fxg6 35. h6 g5 0-1

[Event "17. Torneo San Viator 2011"]
[Site "Madrid ESP"]
[Date "2011.10.09"]
[Round "4.16"]
[White "Sarabia Utrilla, Joaquin"]
[Black "Salgado Duarte, Pablo"]
[Result "1-0"]
[WhiteElo "1816"]
[BlackElo "1484"]
[PlyCount "113"]
[EventDate "2011.09.25"]
[EventType "swiss"]
[EventRounds "9"]
[EventCountry "ESP"]
[Source "lmi"]
[SourceDate "2011.09.25"]

1. d4 d5 2. c4 Nf6 3. Nc3 e6 4. Nf3 Nc6 5. Bg5 Be7 6. e3 O-O 7. Bd3 Re8 8. O-O
a6 9. Ne5 dxc4 10. Bxc4 Nxe5 11. dxe5 Qxd1 12. Raxd1 Nd7 13. Bxe7 Rxe7 14. f4
b5 15. Bb3 Bb7 16. Rd2 Nc5 17. Rfd1 Ree8 18. Bc2 b4 19. Na4 Nxa4 20. Bxa4 Reb8
21. Rd7 c5 22. Re7 Bd5 23. Bc2 g6 24. e4 Bc6 25. Rc7 Rc8 26. Rxc8+ Rxc8 27. Rd6
Bb5 28. f5 Re8 29. f6 Rc8 30. Bd3 c4 31. Bc2 Kf8 32. Kf2 Ke8 33. Ke3 c3 34.
bxc3 Rxc3+ 35. Kd2 Rc7 36. Bd3 Bxd3 37. Kxd3 Ra7 38. Kc4 a5 39. Kb5 h5 40. Rb6
Kd7 41. Rb8 g5 42. Rf8 Rb7+ 43. Kxa5 Ra7+ 44. Kxb4 Rxa2 45. Rxf7+ Ke8 46. Re7+
Kf8 47. Rxe6 Rxg2 48. Rd6 Rf2 49. Kc4 h4 50. Kd5 g4 51. Ke6 Kg8 52. Rd8+ Kh7
53. f7 g3 54. hxg3 h3 55. f8=Q Rxf8 56. Rxf8 h2 57. Rf1 1-0

[Event "17. Torneo San Viator 2011"]
[Site "Madrid ESP"]
[Date "2011.10.09"]
[Round "4.17"]
[White "Algaba Traspuesto, Jose Antonio"]
[Black "Zhynguel Ramirez De Verger, Alek"]
[Result "0-1"]
[WhiteElo "1658"]
[BlackElo "1516"]
[PlyCount "66"]
[EventDate "2011.09.25"]
[EventType "swiss"]
[EventRounds "9"]
[EventCountry "ESP"]
[Source "lmi"]
[SourceDate "2011.09.25"]

1. e4 c5 2. Nc3 Nc6 3. f4 d6 4. Nf3 Nf6 5. Bb5 Bd7 6. O-O g6 7. d3 Bg7 8. Qe1
O-O 9. Bxc6 Bxc6 10. Qh4 e6 11. f5 exf5 12. Bh6 fxe4 13. Bxg7 Kxg7 14. Ng5 h6
15. Ngxe4 Nxe4 16. Qxd8 Raxd8 17. Nxe4 f5 18. Nd2 Rfe8 19. Rf2 b5 20. Raf1 Rf8
21. h4 a5 22. h5 Rf6 23. hxg6 Kxg6 24. Nf3 Rdf8 25. Nh4+ Kg5 26. Nf3+ Kh5 27.
Nh2 a4 28. a3 Bd5 29. Rf4 Kg5 30. R1f2 h5 31. Nf1 Re8 32. Ng3 Re5 33. Ne2 Rxe2
0-1

[Event "17. Torneo San Viator 2011"]
[Site "Madrid ESP"]
[Date "2011.10.09"]
[Round "4.18"]
[White "Garcia Alonso, David"]
[Black "Pindado Del Carmen, Eliseo"]
[Result "1/2-1/2"]
[WhiteElo "1549"]
[BlackElo "1655"]
[PlyCount "89"]
[EventDate "2011.09.25"]
[EventType "swiss"]
[EventRounds "9"]
[EventCountry "ESP"]
[Source "lmi"]
[SourceDate "2011.09.25"]

1. e4 c6 2. c4 d6 3. d4 Qa5+ 4. Nc3 Nf6 5. Bd3 Bg4 6. f3 Bh5 7. Be3 Bg6 8. Nge2
h6 9. O-O Qc7 10. Rc1 a6 11. Qd2 e5 12. d5 Nbd7 13. b4 c5 14. b5 a5 15. g3 Bh7
16. h3 b6 17. a4 Rg8 18. f4 O-O-O 19. Kh1 Be7 20. f5 Rdf8 21. Rg1 Qd8 22. g4
Ne8 23. Bf2 Bg5 24. Be3 g6 25. Bxg5 hxg5 26. Rcf1 f6 27. Ng3 Ng7 28. Rf2 Rh8
29. Rh2 Rf7 30. h4 gxh4 31. Rxh4 g5 32. Rh3 Bxf5 33. Qh2 Rxh3 34. Qxh3 Bg6 35.
Qf1 Qh8+ 36. Kg2 Ne8 37. Rh1 Rh7 38. Rxh7 Qxh7 39. Qh1 Qf7 40. Nf5 Kc7 41. Nh6
Qh7 42. Nf5 Bxf5 43. exf5 Qe7 44. Ne4 Qg7 45. Qh3 1/2-1/2

[Event "17. Torneo San Viator 2011"]
[Site "Madrid ESP"]
[Date "2011.10.09"]
[Round "4.19"]
[White "Perez Mondejar, Adler"]
[Black "Soto Martin, Pablo"]
[Result "1-0"]
[WhiteElo "1398"]
[BlackElo "1641"]
[PlyCount "107"]
[EventDate "2011.09.25"]
[EventType "swiss"]
[EventRounds "9"]
[EventCountry "ESP"]
[Source "lmi"]
[SourceDate "2011.09.25"]

1. e4 e5 2. Nf3 Nc6 3. Bc4 Bc5 4. c3 Nf6 5. d4 exd4 6. cxd4 Bb4+ 7. Nc3 Nxe4 8.
O-O Bxc3 9. d5 Bf6 10. Re1 Ne7 11. Rxe4 d6 12. Bg5 Bxg5 13. Nxg5 h6 14. Qh5 g6
15. Qh4 Bf5 16. Re3 Qd7 17. Rae1 O-O-O 18. Nxf7 g5 19. Qd4 c5 20. Qc3 Rhe8 21.
Nxd8 Qxd8 22. Qf6 Bd7 23. Rxe7 Rxe7 24. Qxe7 Qa5 25. a3 b5 26. Bf1 Qd2 27. Qe2
Qxd5 28. Rd1 Qc6 29. Qd2 Kc7 30. Be2 c4 31. Qa5+ Kb7 32. Bf3 Qxf3 33. gxf3 d5
34. Rxd5 Bc6 35. Rxb5+ Bxb5 36. Qxb5+ Kc7 37. Qxc4+ Kd6 38. b4 Ke5 39. Qc5+ Kf4
40. Kg2 g4 41. fxg4 Kxg4 42. b5 h5 43. Qxa7 h4 44. h3+ Kf4 45. b6 Ke5 46. b7
Kd6 47. b8=R Kc6 48. Rb6+ Kc5 49. Qa5+ Kc4 50. Rb4+ Kc3 51. Qe5+ Kc2 52. Qc5+
Kd3 53. Rd4+ Ke2 54. Qe5# 1-0

[Event "17. Torneo San Viator 2011"]
[Site "Madrid ESP"]
[Date "2011.10.09"]
[Round "4.23"]
[White "Jimenez Sanchez, Juan D"]
[Black "Veiga Rodriguez, Pablo"]
[Result "0-1"]
[WhiteElo "1469"]
[BlackElo "1578"]
[PlyCount "53"]
[EventDate "2011.09.25"]
[EventType "swiss"]
[EventRounds "9"]
[EventCountry "ESP"]
[Source "lmi"]
[SourceDate "2011.09.25"]

1. d4 Nf6 2. c4 g6 3. Nc3 c5 4. d5 Bg7 5. Nf3 O-O 6. e3 d6 7. Bd3 e5 8. e4 Nh5
9. Ne2 Bg4 10. Ng3 Nf4 11. Bxf4 exf4 12. Nf1 Bxb2 13. Rb1 Bc3+ 14. N1d2 Qa5 15.
Qb3 Bxf3 16. gxf3 Bxd2+ 17. Ke2 Bb4 18. a3 Qxa3 19. Qxa3 Bxa3 20. Rxb7 a5 21.
Bc2 Na6 22. Ra1 Bb4 23. Kd3 Rfd8 24. Ba4 Rac8 25. Bb5 Nc7 26. Bc6 Ne8 27. Re1
0-1

[Event "17. Torneo San Viator 2011"]
[Site "Madrid ESP"]
[Date "2011.10.12"]
[Round "5.1"]
[White "Cano Cabanillas, Javier"]
[Black "Cabanas Jimenez, Andres"]
[Result "1/2-1/2"]
[WhiteElo "1948"]
[BlackElo "2229"]
[PlyCount "121"]
[EventDate "2011.09.25"]
[EventType "swiss"]
[EventRounds "9"]
[EventCountry "ESP"]
[Source "lmi"]
[SourceDate "2011.09.25"]

1. e4 c5 2. Na3 Nc6 3. Bb5 e6 4. c3 Nf6 5. d3 Be7 6. f4 Qc7 7. Qf3 d6 8. Bxc6+
Qxc6 9. Ne2 O-O 10. O-O b6 11. Ng3 Bb7 12. Nc4 Nd7 13. Ne3 Kh8 14. Qg4 c4 15.
Nxc4 f5 16. Qe2 fxe4 17. dxe4 Ba6 18. b3 Bxc4 19. bxc4 Rac8 20. a4 Qxc4 21. a5
Qxc3 22. Bb2 Qc5+ 23. Kh1 Bf6 24. axb6 Bxb2 25. Qxb2 Qxb6 26. Qa2 Nc5 27. Qxa7
Qc6 28. Rae1 Rc7 29. Qa2 Ra8 30. Qd2 Rca7 31. Rd1 Ra6 32. Qd4 Nb3 33. Qb2 Rb6
34. Rb1 Rb7 35. Rf3 Nc5 36. Qc1 Rxb1 37. Qxb1 Nxe4 38. Rb3 Nxg3+ 39. hxg3 h6
40. Rb7 Rc8 41. Kh2 Qe8 42. Qd1 Rd8 43. Qg4 Rd7 44. Rb6 Qf7 45. Qd1 d5 46. Qg4
Re7 47. Rd6 Kh7 48. Kg1 g6 49. Qe2 Qf6 50. Qe3 h5 51. Qb6 Kg7 52. Rd8 Rf7 53.
Rd6 Re7 54. Rd8 h4 55. Qb8 Qa1+ 56. Kh2 hxg3+ 57. Kxg3 Qe1+ 58. Kh2 Qh4+ 59.
Kg1 Qe1+ 60. Kh2 Qh4+ 61. Kg1 1/2-1/2

[Event "17. Torneo San Viator 2011"]
[Site "Madrid ESP"]
[Date "2011.10.12"]
[Round "5.3"]
[White "Garcia-Ruiz Fuentes, Marcos"]
[Black "Perez Calahorra, Ricardo"]
[Result "1-0"]
[WhiteElo "1801"]
[BlackElo "2175"]
[PlyCount "71"]
[EventDate "2011.09.25"]
[EventType "swiss"]
[EventRounds "9"]
[EventCountry "ESP"]
[Source "lmi"]
[SourceDate "2011.09.25"]

1. e4 c5 2. Nf3 d6 3. d4 cxd4 4. Nxd4 Nf6 5. Nc3 a6 6. Bc4 e6 7. O-O Be7 8. Bb3
Nbd7 9. Bxe6 fxe6 10. Nxe6 Qa5 11. Nxg7+ Kf7 12. Nf5 Ne5 13. Nxe7 Kxe7 14. Bg5
Nf3+ 15. Qxf3 Qxg5 16. Nd5+ Nxd5 17. exd5 Bf5 18. Rfe1+ Kd7 19. Qb3 b5 20. c4
Rhg8 21. g3 Rgb8 22. c5 dxc5 23. d6 c4 24. Qf3 Qg4 25. Re7+ Kxd6 26. Qe3 Be6
27. Rxh7 Qf5 28. Rg7 Rc8 29. Rd1+ Kc6 30. Rg5 Qf6 31. Re5 Re8 32. Qc5+ Kb7 33.
Rd6 Qxe5 34. Qxe5 Bh3 35. Qd5+ Ka7 36. Qc5+ 1-0

[Event "17. Torneo San Viator 2011"]
[Site "Madrid ESP"]
[Date "2011.10.12"]
[Round "5.4"]
[White "Pardo Vaquero, Ignacio"]
[Black "Ruiz Sanchez, Roberto"]
[Result "0-1"]
[WhiteElo "1752"]
[BlackElo "1965"]
[PlyCount "68"]
[EventDate "2011.09.25"]
[EventType "swiss"]
[EventRounds "9"]
[EventCountry "ESP"]
[Source "lmi"]
[SourceDate "2011.09.25"]

1. d4 d5 2. Bf4 c5 3. e3 Nc6 4. Nf3 Nf6 5. c3 e6 6. Nbd2 Bd6 7. Bg3 O-O 8. Bd3
b6 9. Ne5 Bb7 10. Ndf3 Qc7 11. Nxc6 Bxc6 12. Bxd6 Qxd6 13. Ne5 b5 14. Rc1 Nd7
15. Nxd7 Bxd7 16. Qh5 f5 17. g4 g6 18. Qg5 e5 19. gxf5 Bxf5 20. Bxf5 Rxf5 21.
Qg3 cxd4 22. exd4 Qf6 23. dxe5 Rxe5+ 24. Kd2 Rf8 25. Rhf1 Rf5 26. Ke3 Rf3+ 27.
Ke2 Rxg3 28. fxg3 Qe5+ 29. Kd2 Rd8 30. Rce1 Qg5+ 31. Kd3 Qh5 32. Re7 Rf8 33.
Rxf8+ Kxf8 34. Rxa7 Qxh2 0-1

[Event "17. Torneo San Viator 2011"]
[Site "Madrid ESP"]
[Date "2011.10.12"]
[Round "5.5"]
[White "Jimenez Elices, Jose Maria"]
[Black "Lianes Garcia, Marcos"]
[Result "1/2-1/2"]
[WhiteElo "1930"]
[BlackElo "1430"]
[PlyCount "62"]
[EventDate "2011.09.25"]
[EventType "swiss"]
[EventRounds "9"]
[EventCountry "ESP"]
[Source "lmi"]
[SourceDate "2011.09.25"]

1. e4 e6 2. Nf3 d5 3. e5 c5 4. c3 Nc6 5. d4 Qb6 6. a3 Bd7 7. dxc5 Bxc5 8. Qc2
Rc8 9. b4 Nd4 10. Qd1 Nxf3+ 11. Qxf3 Be7 12. Qg3 g6 13. Be3 Qc7 14. Bd3 f6 15.
Bd4 f5 16. O-O b6 17. Nd2 Bf8 18. h4 Bg7 19. Bxf5 exf5 20. e6 Qxg3 21. exd7+
Kxd7 22. fxg3 Bxd4+ 23. cxd4 Nf6 24. Rac1 Rxc1 25. Rxc1 Re8 26. Kf2 Ne4+ 27.
Nxe4 Rxe4 28. Rd1 h5 29. Kf3 Kd6 30. Kf2 Kd7 31. Kf3 Kd6 1/2-1/2

[Event "17. Torneo San Viator 2011"]
[Site "Madrid ESP"]
[Date "2011.10.12"]
[Round "5.7"]
[White "Andalon Gomez, Carlos J"]
[Black "Ruiz Escobar, Israel"]
[Result "1-0"]
[WhiteElo "2052"]
[BlackElo "1757"]
[PlyCount "73"]
[EventDate "2011.09.25"]
[EventType "swiss"]
[EventRounds "9"]
[EventCountry "ESP"]
[Source "lmi"]
[SourceDate "2011.09.25"]

1. d4 d5 2. c4 e6 3. Nc3 Nf6 4. cxd5 exd5 5. Bg5 Be7 6. e3 c6 7. Qc2 Nbd7 8.
Bd3 O-O 9. Nge2 h6 10. Bh4 Re8 11. f3 Nb6 12. O-O Nc4 13. Bf2 Nb6 14. e4 dxe4
15. fxe4 Ng4 16. Rad1 Bh4 17. g3 Bg5 18. Nf4 Bxf4 19. gxf4 Nxf2 20. Qxf2 Bh3
21. Rfe1 Qf6 22. e5 Qe7 23. f5 Qg5+ 24. Kh1 Rad8 25. Rg1 Qh5 26. Qg3 Kf8 27.
Qxg7+ Ke7 28. Qf6+ Kd7 29. Be4 Bg4 30. Rdf1 Kc8 31. Rf4 Nd7 32. Qd6 Nxe5 33.
Qc5 Nf3 34. Rg2 Rg8 35. Rfxg4 Nxh2 36. f6 Nf3+ 37. Qxh5 1-0